000 00357 a2200157 4500
001 63977
020 _a8530806042 (broch.)
040 _cAnchieta - Pituba
100 _aGuimarães, Mauro
240 1 0 _aEducação ambiental
_lpor
245 1 0 _aEducação ambiental
300 _a94p.
362 0 _a2000
650 4 _aProblemas ambientais
942 _cBK
999 _c63977
_d63977